Countries and Territories With Shortest Coastlines - Statistics

General Stats
  • This quiz has been taken 89 times
  • The average score is 6 of 20
Answer Stats
Length Countries % Correct
4.1 km Monaco
92%
20 km Bosnia and Herzegovina
70%
30 km Nauru
69%
24 km Tuvalu
58%
46.6 km Slovenia
51%
26 km Jordan
41%
12 km Gibraltar
39%
56 km Togo
35%
37 km Democratic Republic of the Congo
33%
40 km Palestine
18%
41 km Macau
16%
50 km Guernsey
14%
51 km Pitcairn Islands
14%
40 km Montserrat
13%
26 km Cocos Islands
11%
32 km Norfolk Island
11%
19.3 km Wake Island
8%
29.6 km Bouvet Island
6%
11.1 km Clipperton Island
5%
8 km Navassa Island
4%
No matching quizzes found
Score Distribution
Percent of People with Each Score
Percentile by Number Answered
Your Score History
You have not taken this quiz